Online Catalogue and eLibrary

Law relating sexual harassment at the workplace (Record no. 2834)

MARC details
000 -LEADER
fixed length control field 00477nam a2200181Ia 4500
005 - DATE AND TIME OF LATEST TRANSACTION
control field 20240605064141.0
008 - FIXED-LENGTH DATA ELEMENTS--GENERAL INFORMATION
fixed length control field 240331s9999 xx 000 0 und d
020 ## - INTERNATIONAL STANDARD BOOK NUMBER
ISBN 8175344156
082 ## - DDC Classification
Item Number - Author Mark LAW
Class No. 344
245 #0 - TITLE STATEMENT
Title Law relating sexual harassment at the workplace
260 ## - PUBLICATION, DISTRIBUTION, ETC.
Place of publication, distribution, etc. Delhi
Name of publisher, distributor, etc. Universal Law Publishing CO.PVT.LTD
Date of publication, distribution, etc. 2004
300 ## - PHYSICAL DESCRIPTION
Extent (e.g. Volumes, Pages etc.) xxxix,311 p.,
650 ## - SUBJECT ADDED ENTRY--TOPICAL TERM
Topical term or geographic name entry element Law
650 ## - SUBJECT ADDED ENTRY--TOPICAL TERM
Topical term or geographic name entry element Sexual Harassment
650 ## - SUBJECT ADDED ENTRY--TOPICAL TERM
Topical term or geographic name entry element Workplace
700 ## - ADDED ENTRY--PERSONAL NAME
Personal name Jaising, I. ed
942 ## - Koha item type (Biblio)
Koha item type Books in Stacks (Lending)
Holdings
Lost status Damaged status Collection code Home library Current library Shelving location Date acquired Full call number Accession Number Item type
    Lending WERC Library WERC Library Social Science Cupboard 03/31/2024 344 LAW 1942 Books in Stacks (Lending)

© WERC Library